| 000 | 00715cam a2200205 i 4500 | ||
|---|---|---|---|
| 005 | 20251214103331.0 | ||
| 008 | 250721s1997 jo gr 000 0 ara d | ||
| 082 | 1 | 4 |
_a216,51 _bا ش ق |
| 100 | 1 |
_aالأشقر، عمر سليمان _eمؤلف. |
|
| 245 | 1 | 0 |
_aأحكام الزواج في ضوء الكتاب و السنة / _cتاليف الدكتور عمر سليمان الاشقر. |
| 250 | _aالطبعة الاولى. | ||
| 264 | 3 | 1 |
_aعمان : _bدار النفائس، _c1997. |
| 300 | _a319صفحة. | ||
| 650 | 1 | 7 | _aالإسلام. |
| 650 | 1 | 7 | _aالفقه. |
| 650 | 1 | 7 | _aقانون الأحوال الشخصية. |
| 650 | 1 | 7 | _aالزواج. |
| 942 |
_2ddc _cBK |
||
| 999 |
_c1962 _d1962 |
||